000 00710nam a22002177a 4500
003 UA-OsUOA
001 69644
007 ta
008 20100702b un ||||| |||| 00| 0 ukr d
090 _a343.13
_bП68
942 _cBK
040 _aUA-OsUOA
_brus
_cUA-OsUOA
_dUA-OsUOA
245 _aПроблемы правового стастуса личности в уголовном процессе
_cотв. ред. Чеканов В. Я.
300 _a195 с.
955 _a2
041 _arus
080 _a343.13
260 _aМ.
_bИздательство Саратвского унив.
_c1995
650 7 _a343 Кримінальне право. Карні порушення
_2UDC
999 _c355916
_d355916